[Event "IND-ch U17 Girls"]
[Site "Haryana"]
[Date "2018.09.03"]
[Round "1"]
[White "Laya, M."]
[Black "Tarini, Goyal"]
[Result "0-1"]
[WhiteElo "1311"]
[BlackElo "2072"]
[PlyCount "50"]
[EventDate "2018.09.03"]
[EventType "swiss"]
[EventRounds "11"]
[EventCountry "IND"]
[SourceTitle "CBM 186 Extra"]
[Source "ChessBase"]
[SourceDate "2018.08.24"]
[SourceVersion "1"]
[SourceVersionDate "2018.08.24"]
[SourceQuality "1"]

1. e4 c6 2. d4 d5 3. e5 Bf5 4. Nf3 e6 5. Be2 Ne7 6. Nbd2 Bg6 7. 0-0 Nf5 8. Re1 Be7 9. Bd3 0-0 10. Nf1 c5 11. c3 Nc6 12. b3 cxd4 13. cxd4 Rc8 14. Bb2 Nb4 15. Bb1 Qc7 16. Re2 Qb6 17. a3 Nc6 18. Rd2 Na5 19. Bc2 Rc6 20. Rc1 Rfc8 21. h3 Qc7 22. Bxf5 Rxc1 23. Bxc1 Bxf5 24. b4 Bc2 25. Qe2 Nb3 0-1

[Event "World Amateur-ch U1700 (Women)"]
[Site "Cagliari"]
[Date "2018.04.28"]
[Round "8"]
[White "Laya, M."]
[Black "Popova, Vilena"]
[Result "0-1"]
[WhiteElo "1210"]
[BlackElo "1630"]
[PlyCount "64"]
[EventDate "2018.04.22"]
[EventType "swiss"]
[EventRounds "9"]
[EventCountry "ITA"]
[SourceTitle "CBM 184 Extra"]
[Source "ChessBase"]
[SourceDate "2018.06.28"]
[SourceVersion "1"]
[SourceVersionDate "2018.06.28"]
[SourceQuality "1"]

1. Nf3 Nf6 2. c4 g6 3. b3 Bg7 4. Bb2 0-0 5. g3 d6 6. Bg2 Nc6 7. 0-0 e5 8. d3 Rb8 9. Nbd2 Bg4 10. Re1 Qd7 11. Qc2 Rfe8 12. a3 a5 13. Rac1 b6 14. Ng5 Nd4 15. Qd1 h6 16. Ngf3 c5 17. Nxd4 exd4 18. Nf3 Re7 19. Qd2 Rbe8 20. e3 dxe3 21. fxe3 Bh3 22. Bh1 Ng4 23. Bxg7 Kxg7 24. e4 f5 25. Qc3+ Kh7 26. exf5 Qxf5 27. Qd2 Re3 28. Nh4 Qxd3 29. Nf3 Qxd2 30. Nxd2 Rxe1+ 31. Rxe1 Rxe1+ 32. Nf1 Rxf1# 0-1

[Event "World Amateur-ch U1700 (Women)"]
[Site "Cagliari"]
[Date "2018.04.27"]
[Round "7"]
[White "Laya, M."]
[Black "Ndachipiwa, Kgomotso"]
[Result "1-0"]
[WhiteElo "1210"]
[BlackElo "1590"]
[PlyCount "97"]
[EventDate "2018.04.22"]
[EventType "swiss"]
[EventRounds "9"]
[EventCountry "ITA"]
[SourceTitle "CBM 184 Extra"]
[Source "ChessBase"]
[SourceDate "2018.06.28"]
[SourceVersion "1"]
[SourceVersionDate "2018.06.28"]
[SourceQuality "1"]

1. e4 e5 2. Nf3 Nc6 3. Bc4 Bc5 4. c3 d6 5. d4 exd4 6. cxd4 Bb4+ 7. Nc3 Bg4 8. 0-0 h6 9. Be3 Nf6 10. d5 Ne5 11. Qa4+ b5 12. Bxb5+ c6 13. Nxe5 cxb5 14. Qxb5+ Kf8 15. Nxg4 Bxc3 16. bxc3 Nxg4 17. Qe2 Qh4 18. h3 Nxe3 19. Qxe3 Ke7 20. Rab1 Rhe8 21. Rb7+ Kf8 22. Qf3 f6 23. Re1 Qg5 24. Qg4 Qxg4 25. hxg4 a5 26. f3 Rec8 27. Rc1 Rab8 28. Rxb8 Rxb8 29. Rc2 a4 30. Kf2 a3 31. Ke3 g5 32. Kd3 Kf7 33. c4 Rb1 34. Rc3 Rb2 35. Rxa3 Rxg2 36. Ra7+ Kg6 37. a4 Rb2 38. a5 Rb3+ 39. Ke2 Rb2+ 40. Ke3 Rb3+ 41. Kf2 Rb2+ 42. Kg3 Rc2 43. Ra6 Rxc4 44. Rxd6 Kg7 45. a6 Rc7 46. Rb6 Rc8 47. Rb7+ Kg6 48. a7 Ra8 49. d6 1-0

[Event "World Amateur-ch U1700 (Women)"]
[Site "Cagliari"]
[Date "2018.04.26"]
[Round "6"]
[White "Alawadhi, Amenah"]
[Black "Laya, M."]
[Result "0-1"]
[WhiteElo "1411"]
[BlackElo "1210"]
[PlyCount "88"]
[EventDate "2018.04.22"]
[EventType "swiss"]
[EventRounds "9"]
[EventCountry "ITA"]
[SourceTitle "CBM 184 Extra"]
[Source "ChessBase"]
[SourceDate "2018.06.28"]
[SourceVersion "1"]
[SourceVersionDate "2018.06.28"]
[SourceQuality "1"]

1. d4 d5 2. c4 e6 3. cxd5 exd5 4. Nc3 Nf6 5. Bg5 Nbd7 6. e3 c6 7. Bd3 Qa5 8. Qc2 Bb4 9. Nf3 h6 10. Bf4 0-0 11. 0-0 Re8 12. a3 Bxc3 13. bxc3 Ne4 14. c4 Qd8 15. cxd5 cxd5 16. Nd2 Ndf6 17. Rfc1 Bf5 18. f3 Nxd2 19. Qxd2 Bxd3 20. Qxd3 Rc8 21. Rxc8 Qxc8 22. Be5 Re6 23. Qb3 Qc6 24. Rb1 b6 25. Qb2 Nd7 26. Rc1 Qa8 27. Rc7 Nxe5 28. dxe5 Rc6 29. Rxc6 Qxc6 30. Kf2 Kf8 31. h4 Qc4 32. f4 b5 33. Qd4 Qxd4 34. exd4 h5 35. Ke3 g6 36. Kd3 Ke7 37. Kc3 a5 38. g3 Ke6 39. Kb3 Kf5 40. Kc3 Kg4 41. Kd3 Kxg3 42. Ke3 Kxh4 43. Kf3 Kh3 44. f5 gxf5 0-1

[Event "World Amateur-ch U1700 (Women)"]
[Site "Cagliari"]
[Date "2018.04.25"]
[Round "5"]
[White "Laya, M."]
[Black "Jaramillo, Amparo"]
[Result "1-0"]
[WhiteElo "1210"]
[BlackElo "1419"]
[PlyCount "101"]
[EventDate "2018.04.22"]
[EventType "swiss"]
[EventRounds "9"]
[EventCountry "ITA"]
[SourceTitle "CBM 184 Extra"]
[Source "ChessBase"]
[SourceDate "2018.06.28"]
[SourceVersion "1"]
[SourceVersionDate "2018.06.28"]
[SourceQuality "1"]

1. e4 e6 2. d4 d5 3. Nc3 dxe4 4. Nxe4 Nd7 5. Nf3 Ngf6 6. Bg5 Be7 7. Bd3 b6 8. Nxf6+ Nxf6 9. Bb5+ Bd7 10. Bxd7+ Qxd7 11. c3 h6 12. Be3 0-0 13. Ne5 Qb5 14. Qe2 Qxe2+ 15. Kxe2 Nd5 16. Nc6 Bf6 17. Rad1 Rfe8 18. c4 Ne7 19. Nxe7+ Rxe7 20. b3 Rd7 21. f3 Rad8 22. Rd3 c5 23. Rhd1 cxd4 24. Bf2 e5 25. h3 Be7 26. g4 Bc5 27. Kf1 f6 28. Re1 a5 29. a4 g5 30. Kg2 Rh7 31. h4 Rdd7 32. h5 Rhe7 33. Re4 Rf7 34. Bg3 Rde7 35. Kh3 Bd6 36. Bh2 f5 37. gxf5 Rxf5 38. Kg4 Rff7 39. Bg3 Re6 40. Rdxd4 Ref6 41. Rd3 Re7 42. Bh2 Kf7 43. Rd5 Rfe6 44. Bg1 Bc7 45. Be3 Kf6 46. Bc1 Rc6 47. Bb2 Rce6 48. Bc3 Kf7 49. Bb2 Ke8 50. Kf5 Rf7+ 51. Kxe6 1-0

[Event "World Amateur-ch U1700 (Women)"]
[Site "Cagliari"]
[Date "2018.04.23"]
[Round "3"]
[White "Badrakova, Kseniya"]
[Black "Laya, M."]
[Result "1/2-1/2"]
[WhiteElo "1411"]
[BlackElo "1210"]
[PlyCount "138"]
[EventDate "2018.04.22"]
[EventType "swiss"]
[EventRounds "9"]
[EventCountry "ITA"]
[SourceTitle "CBM 184 Extra"]
[Source "ChessBase"]
[SourceDate "2018.06.28"]
[SourceVersion "1"]
[SourceVersionDate "2018.06.28"]
[SourceQuality "1"]

1. e4 e5 2. Nc3 Nf6 3. Bc4 Bc5 4. d3 Nc6 5. f4 d6 6. Nf3 Bd7 7. Qe2 Qe7 8. Be3 Bxe3 9. Qxe3 a6 10. a3 h6 11. 0-0 Bg4 12. h3 Bxf3 13. Qxf3 Nd4 14. Qd1 exf4 15. Rxf4 Qe5 16. Rf1 c6 17. Rb1 h5 18. Ne2 Nxe2+ 19. Qxe2 d5 20. Ba2 0-0-0 21. Rf5 Qd4+ 22. Qf2 dxe4 23. Qxd4 Rxd4 24. dxe4 Rxe4 25. Bxf7 Re2 26. Rf2 Re7 27. Bg6 Kb8 28. Rd1 Rh6 29. Bd3 g5 30. Re2 Rxe2 31. Bxe2 h4 32. Rd6 Kc7 33. Re6 Ng8 34. Rxh6 Nxh6 35. Kf2 Kd6 36. Kf3 Ke5 37. Bd3 c5 38. Be4 b6 39. c3 a5 40. Bd3 Kd5 41. Be2 c4 42. g3 hxg3 43. Kxg3 b5 44. Bf3+ Kc5 45. Bd1 Nf5+ 46. Kf3 Kd5 47. Bc2 Ke5 48. Bxf5 Kxf5 49. Kg3 a4 50. Kf3 Ke5 51. Ke3 Kd5 52. Kf3 Ke5 53. Ke3 Kf5 54. Kf3 Kg6 55. Kg4 Kh6 56. h4 gxh4 57. Kxh4 Kg6 58. Kg4 Kf6 59. Kf4 Ke6 60. Ke4 Kd6 61. Kd4 Kc6 62. Ke5 Kc5 63. Ke4 Kc6 64. Kd4 Kd6 65. Ke4 Kc6 66. Kd4 Kd6 67. Ke4 Kc6 68. Kd4 Kd6 69. Ke4 Kc6 1/2-1/2

[Event "World Amateur-ch U1700 (Women)"]
[Site "Cagliari"]
[Date "2018.04.22"]
[Round "1"]
[White "Alipbek, Arailym"]
[Black "Laya, M."]
[Result "1-0"]
[WhiteElo "1600"]
[BlackElo "1210"]
[PlyCount "141"]
[EventDate "2018.04.22"]
[EventType "swiss"]
[EventRounds "9"]
[EventCountry "ITA"]
[SourceTitle "CBM 184 Extra"]
[Source "ChessBase"]
[SourceDate "2018.06.28"]
[SourceVersion "1"]
[SourceVersionDate "2018.06.28"]
[SourceQuality "1"]

1. d4 d5 2. c4 e6 3. Nc3 Nf6 4. Bg5 Nbd7 5. e3 c6 6. Nf3 Qa5 7. Nd2 Bb4 8. Qc2 0-0 9. Be2 e5 10. dxe5 Ne4 11. Ndxe4 dxe4 12. f4 exf3 13. gxf3 Nxe5 14. Rg1 Ng6 15. e4 Bxc3+ 16. bxc3 f6 17. Bd2 Qh5 18. 0-0-0 Qxh2 19. Bd3 Qd6 20. c5 Qe5 21. Rxg6 hxg6 22. Bc4+ Rf7 23. Qb3 Qe7 24. Rh1 Be6 25. Bxe6 Raf8 26. Bxf7+ Rxf7 27. Rg1 Qxc5 28. Rxg6 Qh5 29. Rg3 Kh7 30. Qe6 Kg8 31. f4 Qb5 32. Qe8+ Rf8 33. Qe6+ Rf7 34. e5 Qf1+ 35. Kc2 Qe2 36. Qe8+ Rf8 37. Qg6 Rf7 38. Qd3 Qh5 39. e6 Re7 40. Qd8+ Qe8 41. Qxe8+ Rxe8 42. Re3 g6 43. c4 Kg7 44. Bb4 b6 45. Bd6 b5 46. cxb5 cxb5 47. e7 Kf7 48. Ra3 Ra8 49. Bc5 Rc8 50. Rc3 b4 51. Bxb4 Rxc3+ 52. Kxc3 Ke8 53. Kc4 a6 54. Bc5 Kd7 55. Kb4 g5 56. fxg5 fxg5 57. Ka5 g4 58. Kxa6 g3 59. Kb7 g2 60. a4 g1Q 61. Bxg1 Kxe7 62. a5 Kd7 63. a6 Kd8 64. a7 Kd7 65. a8Q Ke6 66. Qa5 Kd6 67. Bh2+ Kd7 68. Qd5+ Ke7 69. Bd6+ Ke8 70. Qe6+ Kd8 71. Qe7# 1-0